000 00568nam a2200169Ia 4500
005 20250508160353.0
008 008 250505s9999 xx 000 0 eng d
037 _aBooks to be hide in OPAC
040 _aFEDL
_beng
_cFEDL
041 _aeng
_2eng
084 _a151.223, ALL/O
_qFEDL
245 0 _aConstruction and standardization of verbal group test of intelligence B P T 7 (Revised) for age-group 13 plus
260 _aAllahabad, India
_bBureau of Psychology
_c1955
300 _a43p.
942 _cHB
_h151.223, ALL/O
999 _c1364139
_d1364139